000 00605nam a2200241Ia 4500
003 OSt
005 20230331093927.0
008 210423s2004 xx 000 0 und d
020 _a8178811898
040 _cAL
041 _aeng
082 _a338.83 SEEK
100 _aSEETHAPATHI (K);MURTHY (G R K)
_980531
245 _aMergers and acquisitions
260 _aHyderabad
_bICFAI University
_c2004
300 _av,190
_bPB
365 _b300
_cINR
440 _v1
650 _aEconomics
_980532
650 _aMergers & Acquisitions
_980533
906 _aacquisitions ; Mergers
942 _2ddc
_cBK
999 _c157666
_d157666